|
|
|
|
| LEADER |
01929nam a2200553 4500 |
| 001 |
ocn916446548 |
| 003 |
OCoLC |
| 005 |
20170124072457.9 |
| 006 |
m o d |
| 007 |
cr cnu---unuuu |
| 008 |
150807s2015 enk ob 001 0 eng d |
| 040 |
|
|
|a N$T
|b eng
|e rda
|e pn
|c N$T
|d N$T
|d DG1
|d IDEBK
|d YDXCP
|d OCLCF
|d COO
|d DEBSZ
|d OCLCQ
|d UMI
|d DEBBG
|d KSU
|d CCO
|d GrThAP
|
| 019 |
|
|
|a 952493319
|
| 020 |
|
|
|a 9781118759455
|q electronic bk.
|
| 020 |
|
|
|a 1118759451
|q electronic bk.
|
| 020 |
|
|
|a 9781118759479
|q electronic bk.
|
| 020 |
|
|
|a 1118759478
|q electronic bk.
|
| 020 |
|
|
|z 9781118610152
|
| 020 |
|
|
|a 1118610156
|
| 020 |
|
|
|a 9781118610152
|
| 020 |
|
|
|a 9781118759448
|
| 020 |
|
|
|a 1118759443
|
| 029 |
1 |
|
|a AU@
|b 000055511424
|
| 029 |
1 |
|
|a DEBSZ
|b 449487296
|
| 029 |
1 |
|
|a GBVCP
|b 835776700
|
| 029 |
1 |
|
|a DEBBG
|b BV043397970
|
| 029 |
1 |
|
|a DEBBG
|b BV043969678
|
| 035 |
|
|
|a (OCoLC)916446548
|z (OCoLC)952493319
|
| 037 |
|
|
|a CL0500000754
|b Safari Books Online
|
| 050 |
|
4 |
|a TK5103.2
|
| 072 |
|
7 |
|a TEC
|x 009070
|2 bisacsh
|
| 082 |
0 |
4 |
|a 621.384
|2 23
|
| 049 |
|
|
|a MAIN
|
| 100 |
1 |
|
|a Kim, Haesik,
|e author.
|
| 245 |
1 |
0 |
|a Wireless communications systems design /
|c Haesik Kim.
|
| 264 |
|
1 |
|a West Sussex :
|b Wiley,
|c 2015.
|
| 300 |
|
|
|a 1 online resource
|
| 336 |
|
|
|a text
|b txt
|2 rdacontent
|
| 337 |
|
|
|a computer
|b c
|2 rdamedia
|
| 338 |
|
|
|a online resource
|b cr
|2 rdacarrier
|
| 588 |
0 |
|
|a Online resource; title from PDF title page (EBSCO, viewed August 10, 2015)
|
| 504 |
|
|
|a Includes bibliographical references and index.
|
| 650 |
|
0 |
|a Wireless communication systems
|x Design and construction.
|
| 650 |
|
7 |
|a TECHNOLOGY & ENGINEERING / Mechanical
|2 bisacsh
|
| 650 |
|
7 |
|a Wireless communication systems
|x Design and construction.
|2 fast
|0 (OCoLC)fst01176210
|
| 655 |
|
4 |
|a Electronic books.
|
| 655 |
|
0 |
|a Electronic books.
|
| 856 |
4 |
0 |
|u https://doi.org/10.1002/9781118759479
|z Full Text via HEAL-Link
|
| 994 |
|
|
|a 92
|b DG1
|